000 00905cab a2200265 4500
001 WB3231-75
008 090401t1996 xxu||||| |||| 00| 0 eng d
035 _a(Sirsi) u69833
041 _aeng
245 _aDischarge of restrictive covenants
260 _c1996
350 _a0
490 _aEstates Gazette
_v(9632) 10 August 1996, 69(1)
520 _a"Re Kennet Properties Ltd" considers the grounds and application for discharge of restrictive covenants when the granting of planning permission does not override any private rights which prevent the same use.
650 _aCOMPENSATION
650 _aLANDS TRIBUNAL DECISIONS
650 _aLAW OF PROPERTY ACT 1925 S84
650 _aOBSOLESCENCE
650 _aPLANNING PERMISSION
650 _aRE KENNET PROPERTIES LTD
650 _aRESTRICTIVE COVENANTS
690 _aPLANNING LAW AND PRACTICE
942 _n0
948 _c04/03/1997
999 _c43903
_d43903